They Call Me 'MM' Quiz Stats

 Plays Quiz Updated Dec 3, 2013

Support Sporcle.
Go Orange.
Score 0/30 Timer 06:00
2 Plays Today
% Correct
Mickey Mouse
94.9%
Marilyn Monroe
94.7%
Mike Myers
91.3%
Mary Magdalene
88.8%
Marshall Mathers
84.3%
Matthew McConaughey
83.2%
Mr. Magoo
81.1%
Marcel Marceau
81%
Minerva McGonagall
79.3%
Mickey Mantle
78.4%
Mark McGwire
77.5%
Masaharu Morimoto
75.6%
Mandy Moore
74.2%
Modest Mussorgsky
72.8%
Maria Menounos
69.6%
% Correct
Mohammed Mosaddegh
69.3%
Misty May-Treanor
68.7%
Marilyn Manson
68.6%
Malcolm McDowell
66.6%
Margaret Mitchell
64.2%
Marlee Matlin
62.3%
Mindy McCready
60.2%
Mike McCarthy
59.8%
Moses Maimonides
59.5%
Michael Madsen
56.1%
McKayla Maroney
53%
Martin Mull
48.7%
Margaret Mead
44.9%
Mon Mothma
43.6%
Mitchell Musso
31.9%

You're not logged in!

Compare scores with friends on all Sporcle quizzes.
OR
Log In
Forgot?

From the Vault

US Presidents: October Surprises

by Thebiguglyalien

History 4m
2020's given us enough surprises already, let's take it easy.
Remove Ads.
Support Sporcle.
Get the best of Sporcle when you Go Orange. This ad-free experience offers more features, more stats, and more fun while also helping to support Sporcle. Thank you for becoming a member.

Show Comments

Extras

Top Quizzes Today


Score Distribution

Your Account Isn't Verified!

In order to create a playlist on Sporcle, you need to verify the email address you used during registration. Go to your Sporcle Settings to finish the process.

Report this User

Report this user for behavior that violates our Community Guidelines.

Details: